00893nem a2200229 a 450000500170000000800410001704000250005804100080008304400070009111000820009824501980018025500170037826000980039530000330049365000180052665000150054465000160055965000130057565000240058871000230061271000280063520200104041743.0160511b2000 CK ||||| |a|| 00| 0 spa d aCO-BoIAVHcCO-BoIAVH aspa ack2 aInstituto de Investigación de Recursos Biológicos Alexander von Humboldt.1 aEcosistemas naturales de la Cordillera Oriental ;bProyecto ECO- REGIONAL Andino identificación de areas prioritarias para la conservación en los bosques montanos de la Cordillera Oriental  a1:3´500.000 aBogotábInstituto de Investigación de Recursos Biológicos Alexander von Humboldt.c2000 a1 mapa ;bcolor.c42 x 28 cm16aHidrografía16aCarreteras16aGeografía16aBosques 16aParques nacionales 1 aFundación Natura1 aThe Nature Conservancy